| 000 | 00680nam a2200205 a 4500 | ||
|---|---|---|---|
| 001 | 000663462 | ||
| 003 | AM-YeHGA | ||
| 005 | 20250617141655.0 | ||
| 008 | 090603s1935 |||| |||||||||||||rus d | ||
| 040 | _aAM-YeHGA | ||
| 041 | 0 | _arus | |
| 100 | 1 | _aДенике, Б.П. | |
| 245 | 1 | 0 |
_aКитай : _bАльбом / _cБ.П. Денике ; Под общ. ред. И. Маца. |
| 260 |
_aМосква : _bИзд-во всесоюз. акад. архитектуры, _c1935. |
||
| 300 |
_a122 с. : _b107 ил. ; _c29 см. |
||
| 440 | 0 | _aГорода и страны | |
| 650 | 1 | 4 |
_aАрхитектура _zКитай |
| 700 | 1 |
_aМац, И. _eред. _4edt |
|
| 090 | _c244633 | ||
| 999 |
_c243052 _d243052 |
||